| 000 | 00398nam a2200157Ia 4500 | ||
|---|---|---|---|
| 008 | 230711s9999||||xx |||||||||||||| ||und|| | ||
| 041 | _aENG | ||
| 082 |
_a540 _bBH-L |
||
| 100 | _aBhasin,SK | ||
| 245 | 0 | _aLaboratory manual of engineering Chemistry | |
| 250 | _a2nd . . Ed. | ||
| 260 |
_c2003 _aNew Delhi _bDhanpat Rai & Co.(Pvt.)Ltd. |
||
| 650 | _aChemistry | ||
| 700 | _aShdha,Rani | ||
| 942 | _cBK | ||
| 999 |
_c4136 _d4136 |
||